[Event "FIDE World Cup"]
[Site "Khanty-Mansiysk"]
[Date "2005.11.28"]
[Round "1.2"]
[White "Volokitin, Andrei"]
[Black "Cao, Sang"]
[Result "1/2-1/2"]
[WhiteElo "2666"]
[BlackElo "2488"]
[Annotator "Psakhis,L"]
[PlyCount "113"]
[EventDate "2005.11.27"]
[EventType "k.o."]
[EventRounds "7"]
[EventCountry "RUS"]
[SourceTitle "CBM 111"]
[Source "ChessBase"]
[SourceDate "2006.04.04"]
[SourceVersion "1"]
[SourceVersionDate "2006.04.04"]
[SourceQuality "1"]

1. e4 e6 2. d4 d5 3. Nc3 Bb4 4. e5 c5 5. a3 Bxc3+ 6. bxc3 Qa5 7. Bd2 Qa4 8. Qb1
(8. Qg4 $5 Kf8 (8... g6 $1) (8... Ne7 $5) 9. Qd1) (8. Nf3 $5 Nc6 $5 9. dxc5 f6
10. Nd4 Nxd4 11. cxd4 Qxd4 12. Bb5+ Kf7 13. O-O Qxe5 14. c4 $13 {Stripunsky,
A-Krivoshey,S/Nikolaev(zt)/1995/}) 8... c4 9. Nh3 {[%cal Gh3f4,Gf4h5] Beyond
any doubt this move is the most crucial for the evaluation of the whole
variation with 8.Qb1} (9. Nf3 Nc6 10. g3 {[%cal Gh2h4,Gf1h3]}) (9. g3) (9. Ne2
{[%cal Ge2g3,Gg3h5]} f6 (9... Nc6 10. Nf4 Bd7 11. g3 Nge7 12. Nh5 Rg8 13. Bh3
O-O-O 14. O-O Kb8 15. Qb2 Nc8 16. Rae1 Nb6 17. f4 Qa5 {1/2-1/2 Berzinsh,
R-Glavas,D/Pula op 2003/ (46)}) 10. exf6 Nxf6 11. g3 (11. Ng3 Nc6 12. Be2 O-O (
12... b6 13. O-O Bd7 14. Bg5 O-O-O 15. Bf3 Rdf8 16. Qc1 Ne8 17. Re1 h6 18. Bf4
g5 19. Be5 Rh7 {Ledger,D-Ward,C/BCF-ch Torquay 2002//0-1 (47)}) 13. O-O {RR}
Bd7 14. Re1 b6 15. Bg5 Rae8 16. Qd1 h6 17. Bxf6 Rxf6 18. Bg4 g6 19. Qd2 Kg7 20.
h4 Qa5 {1/2-1/2 Smirnov,P-Rustemov,A/RUS-ch Krasnodar 2002/ (32)}) 11... Nc6
12. Bg2 b6 13. O-O Bd7 14. Qb2 O-O 15. Rae1 Rae8 {Black has a very solid
position, but it's very difficult for him to get active counterplay.} 16. Bf4
Rf7 17. f3 Nh5 (17... e5 $5 18. dxe5 Nxe5 19. Nd4 Rfe7 20. Qb4 $1 Qa6 $13) 18.
Bd6 g6 19. g4 Ng7 {[%csl Rg7] 0-1 Jakovenko,D (2564)-Morozevich,A (2679)/
RUS-ch Krasnoyarsk 2003/CBM 98/[Psakhis] (43) I think, that Black would prefer
to have bishop on g7 instead of knight.}) 9... Nc6 (9... f6 $145 $5 10. Be2
fxe5 11. dxe5 Ne7 (11... Nc6 12. f4 Nge7 13. Bh5+ g6 14. Bf3 Bd7 15. O-O O-O-O
16. Qb2 h6 17. Rfe1 Rdg8 18. Nf2 h5 19. Nh3 Nf5 20. Reb1 $36 {1-0 Timman,J 
(2625)-Jacimovic,D (2438)/EUR t-ch Gothenburg 2005/The Week in Chess 560 (82)})
) (9... f5 10. Be2 Nc6 11. O-O b6 12. Bh5+ g6 13. Bf3 Bd7 14. Qc1 O-O-O 15. Ng5
Rf8 16. h4 h6 17. Nh3 Rf7 18. g3 Rfh7 19. Bg2 Nge7 20. Rb1 Kc7 21. Re1 Bc8 22.
Bf3 Bd7 23. Be3 Bc8 24. Qb2 Bd7 25. Bc1 Be8 $13 {1/2-1/2 Junior-Ponomariov,R 
(2704)/Bilbao Man Machine 2005/ (153)}) 10. Nf4 (10. Be2 Bd7 (10... f6 11. f4
$5 (11. exf6 Nxf6) 11... f5 12. O-O Nge7 13. Bh5+ g6 14. Be2 (14. Bf3 h6 15.
Be1 b6 16. Bh4 Bd7 17. Bf6 Rh7 18. Ra2 O-O-O 19. Qe1 Rf8 20. Be2 Kc7 21. Qh4
Rff7 22. Qg3 b5 23. Rfa1 Be8 {1-0 Bellin,R (2395)-Pert,N (2495)/BCF t-ch2 0405
2005 (72)}) 14... Bd7 15. Qb2 O-O-O 16. Rfb1 b6 17. Qc1 h6 18. Be1 Rdg8 19. Kh1
Be8 20. Qd2 Na5 21. Bh4 g5 22. fxg5 Ng6 $132 {1/2-1/2 Short,N (2702)-Akopian,V
(2693)/FRA t-ch 2004/The Week in Chess 492 (88)}) 11. O-O O-O-O 12. Nf4 f6 (
12... Nge7 13. Nh5) (12... g6 $5) 13. exf6 (13. Bg4 f5 $8 (13... Re8 $5 $132)
14. Be2 Nge7 15. h4 g6 16. Nh3 h6 17. Qc1 $14 {1/2-1/2 Golubev,M (2570)
-Koutsin,S (2435)/Nikolaev zt 1995/ChessBase/[Golubev] (25)}) (13. Nh5 fxe5 14.
Nxg7 exd4 (14... Nf6 $5 15. dxe5 Ne4 16. Be1 Rhg8 17. Nh5) 15. Bg5 $1 $132 {
0-1 Fedorov,A (2598)-Rustemov,A (2598)/Russia 2002/[Rustemov,A] (38)}) 13...
Nxf6 14. Bf3 (14. f3 Rhe8 15. Qb2 e5 16. Rfb1 b6 17. dxe5 Rxe5 18. Bf1 Bf5)
14... g5 $5 (14... e5 15. Nxd5) 15. Nh5 $36) (10. g3 Bd7 (10... h5 11. Nf4 Bd7
12. Qd1 g6 13. h4 O-O-O 14. Bh3 Kb8 15. O-O Nge7 16. Ng2 Nc8 17. Bg5 Rdf8 18.
Re1 Nb6 19. f3 Qa5 20. Re3 Na4 21. Qd2 Bc8 22. g4 Qb6 {1-0 Skorchenko,D (2430)
-Nikitin,A (2483)/Voronezh Master op 2003/ (44)}) 11. Nf4 {Rustemov,A: 'Inf.64/
280'} O-O-O 12. Bh3 (12. h4 $5 f6 13. Bh3 Re8 (13... fxe5 14. Nxe6 Bxe6 15.
Bxe6+ Kb8 16. dxe5 Re8 17. Bxg8 Nxe5 18. Bxd5 Qd7 19. Qxb7+ Qxb7 20. Bxb7 Kxb7
21. O-O-O $16) 14. exf6 Nxf6 15. O-O Ne4 16. Qd1 $16) 12... h5 (12... Nge7 13.
Nh5 Rdg8 14. O-O {/\ f4_f5+/-}) 13. Qd1 $14 h4 14. g4 (14. O-O $5 hxg3 15. fxg3
$14) 14... f6 15. O-O Nge7 (15... fxe5 16. Ng6 Rh7 17. Bg5 Re8 18. dxe5 $14)
16. exf6 (16. g5 f5) 16... gxf6 17. g5 Rdg8 18. Nxe6 {1/2-1/2 Kruppa,Y (2555)
-Krivoshey,S (2420)/Nikolaev (zt) 1995/ (41)}) 10... g6 (10... Nge7 11. Nh5 (
11. g3 Bd7 (11... b6 12. Bg2 Bd7 13. O-O O-O-O 14. Nh5 Rhg8 15. Qb2 Kb7 16.
Rae1 Rdf8 17. f4 Ka6 18. g4 Qa5 19. Re2 h6 $14 {1/2-1/2 Fedorov,A-Asrian,K/
Bled Olympiad 2002 (46)}) 12. h4 O-O-O 13. Bh3 Kb8 14. O-O Nc8 15. Nh5 Rhg8 16.
Qd1 Nb6 17. Ra2 Rdf8 18. Qg4 f5 19. exf6 gxf6 20. Qf3 f5 21. Re1 Ka8 22. Bf4
Qa5 23. Bc7 Nxd4 24. Qe3 Nb5 25. Be5 {Ni Hua (3354)-Narciso,M (2716)/Dos
Hermanas Internet qualifier S17 2005/1-0 (49)}) 11... Rg8 12. g3 (12. h4 Bd7
13. Rh3 O-O-O 14. Bg5 Rdf8 15. Bxe7 Nxe7 16. Rf3 Be8 17. Nf4 Bd7 18. g3 g6 19.
Bh3 h6 20. Bg4 g5 21. hxg5 hxg5 22. Nh5 Rh8 23. Kd2 Ng8 24. Qb4 Qxb4 25. cxb4
Rh6 {Dabo Peranic,R (2262)-Glavas,D (2333)/Bosnjaci op-A 2006/ /1/2-1/2 (52)})
12... Bd7 13. Bh3 (13. Bg2 O-O-O 14. O-O Kb8 15. Kh1 Rdf8 16. Re1 Nc8 17. Qd1
Nb6 18. Bh3 Qa5 19. f4 Na4 20. Re3 Qd8 21. Qf1 Ka8 {1-0 Quezada,Y (2502)
-Giaccio,A (2478)/Santa Clara Garcia mem Prem II 2005/The Week in Chess 552 
(74)}) 13... O-O-O 14. O-O Kb8 {[%cal Ge7c8,Gc8b6]} 15. f4 $5 (15. Qb2 Nc8 16.
f4 (16. Rab1 Nb6) 16... Nb6 17. Rf2 Rdf8 18. Re1 Qa5 $13 {[%cal Gb6a4] 0-1
Korneev,O (2551)-Herraiz Hidalgo,H (2458)/Elgoibar 2002/CBM 93/[Psakhis] (46)})
15... Nc8 16. g4 Nb6 17. f5 Qa5 18. Qe1 Na4 19. Qe3 a6 20. Nf4 Na7 21. fxe6
fxe6 22. g5 Rde8 23. Bg4 $36 {1-0 Korneev,O (2594)-Marches Rios,J (2223)/
Badalona op 2005/ (30)}) 11. h4 h6 $5 $146 {[%csl Gg5] This obvious move is
definitely better than the previously played} (11... Nge7 12. h5 g5 13. Nh3 h6
14. g4 Bd7 15. Be2 O-O-O 16. O-O Rdf8 17. f4 gxf4 18. Bxf4 Qa5 19. Rf3 Rfg8 20.
Nf2 Rh7 21. Qc1 Qd8 22. Rg3 Qf8 23. Qd2 Na5 24. Rf1 Ba4 25. Nd1 Bd7 26. Ne3 {
Skorchenko,D (2478)-Mokhna,N/Krasnodar Stepanov mem op 2004/EXT 2006/1-0 (57)})
12. g3 Bd7 13. Be2 O-O-O 14. Qc1 Kb8 15. Ng2 {[%cal Gd2h6]} Rc8 16. Bf4 Ka8 17.
O-O Qa5 (17... f6 $5 18. exf6 Nxf6 19. Bxh6 Ne4 20. Bd2 e5) 18. Qd2 Rf8 $13 {
[%cal Gf7f6]} 19. a4 f6 ({It would be interesting to check the sharp} 19... g5
20. hxg5 hxg5 21. Bxg5 f6 22. exf6 Nxf6 23. Bxf6 (23. f3 Rhg8) 23... Rxf6 {
with some compensation for the pawn, thanks to the vulnerable position of the
white king}) 20. exf6 Nxf6 21. f3 Nh5 ({Again Cao Sang could sacrifice a pawn:
} 21... g5 22. hxg5 hxg5 23. Bxg5 e5 {with unclear compensation. I have the
feeling that white's chances must be better here, but he must play very
carefully to prove this evaluation.}) 22. Bd6 Rf7 23. g4 Nf6 {Both opponents
play very inventively and now a very sharp position has arisen.} 24. Qe3 g5 $5
{Just in time!} 25. h5 (25. hxg5 hxg5 26. Qxg5 $2 Qxc3 $17) 25... Bc8 ({
It looks that after} 25... Re8 $5 {[%cal Ge6e5] with idea to play in nearest
future e6-e5 black could get a very promising position.}) 26. Bh2 Rg8 (26... e5
$5 27. dxe5 Re8) 27. f4 $5 gxf4 28. Rxf4 {Stronger than} (28. Bxf4 Rfg7 $5 (
28... Nxg4 29. Bxg4 Rxg4 30. Bxh6 $13) 29. Bxh6 (29. g5 e5 $1 30. dxe5 hxg5 31.
Bg3 Ne4 $19) 29... Nxg4 $1 30. Bxg4 Rxg4 $36 {[%csl Rg1] and initiative
belongs to Black.}) 28... e5 $1 {Both players show great fighting spirit!} 29.
dxe5 Nxg4 {Black had already a good choice. He could play also} (29... Re8 $5 {
or}) (29... d4 $5 {with good counter play in both cases. Possibly these moves
were stronger than text.}) 30. Bxg4 Rxf4 31. Bxc8 $8 Re4 $1 32. Qh3 $8 (32.
Bxb7+ Kxb7 33. Rb1+ Ka8 34. Qxh6 Qc7 $17) 32... Nxe5 33. Kh1 $1 Ng4 $1 34. Bxg4
Rexg4 {Volokitin managed to keep a small material advantage, but his king is
too open and needs protection.} 35. Nf4 Qd8 {[%cal Cf4e6,Ce6d8,Gg4h4]} 36. Ng6
({Unfortunately for white after natural} 36. Ne6 Rh4 $1 37. Nxd8 (37. Nc7+ Kb8
38. Nb5+ Ka8 {leads just to draw.}) 37... Rxh3 38. Ne6 a6 39. Nc7+ ({or} 39.
Nf4 Rxc3 40. Nxd5 Rxc2) 39... Ka7 40. Nxd5 Rd8 $132 {black's chances are not
worse.}) 36... Re4 37. Rf1 Rge8 $1 38. Qf5 d4 $5 {Who is playing for the win?}
39. cxd4 $1 ({After} 39. Bg1 d3 $5 (39... dxc3) 40. Qc5 Rh4+ 41. Kg2 Rg4+ 42.
Kh3 Rxg1 $1 43. Rxg1 dxc2 {[%csl Gc2,Rh3]} 44. Qd4 Qc8+ 45. Kh2 Rd8 $36 {
it is White who must think about survival.}) 39... Qxd4 (39... Rxd4 $5) 40. Bg3
(40. Bg1 $5 Qd6 41. Qc5 $5 Qxc5 42. Bxc5 Re1 $5 43. Kg1 $140 R1e4 44. Bf8 Rg4+
45. Kf2 Rg5) 40... a6 41. Bf2 Qd6 42. a5 (42. Qc5 $5) 42... Qc6 43. Kg1 c3 $1
44. Rd1 (44. Rb1) 44... Qc8 $6 {This move appears to be a serious inaccuracy
which White failed to exploit.} (44... Re2 $5 $132) 45. Qxc8+ Rxc8 46. Kf1 (46.
Bb6 Re2 {[%csl Rc2]}) 46... Ra4 47. Ne5 $6 {Mistake!} ({The natural
development of the initiative could be achieved by} 47. Bb6 $142 Ra2 48. Rc1 $1
$16) 47... Rg8 48. Rd5 Ra2 49. Be3 (49. Nf7 Rf8 50. Nxh6 $140 Rxc2 51. Ng4 Ra2
$132) 49... Rxc2 50. Bxh6 Rh2 51. Nd3 (51. Nd7 Rh8 52. Nb6+ Ka7 53. Be3 R2xh5
$11) 51... Rh8 $11 52. Bg7 R2xh5 53. Rxh5 Rxh5 54. Bxc3 b6 $5 55. axb6 Kb7 56.
Ke2 (56. Bd4 Rd5 57. Nc5+ Kxb6 $11) 56... Kxb6 57. Ke3 1/2-1/2

[Event "Petrov Memorial op"]
[Site "St Petersburg"]
[Date "2000.02.08"]
[Round "2"]
[White "Bezgodov, Alexei"]
[Black "Riazantsev, Alexander"]
[Result "1/2-1/2"]
[WhiteElo "2576"]
[BlackElo "2442"]
[Annotator "Psakhis,L"]
[PlyCount "68"]
[EventDate "2000.02.05"]
[EventType "swiss"]
[EventRounds "9"]
[EventCountry "RUS"]
[SourceTitle "CBM 076"]
[Source "ChessBase"]
[SourceDate "2000.05.31"]
[SourceVersion "1"]
[SourceVersionDate "2000.05.31"]
[SourceQuality "1"]

1. e4 e6 2. d4 d5 3. Nc3 Bb4 4. e5 c5 5. a3 Bxc3+ 6. bxc3 Ne7 7. Qg4 O-O 8. Bd3
Nbc6 {Fashionable line worked very good for Black in last years.} 9. Qh4 {
Modest responce.} (9. Bg5 Qa5 10. Bd2 f5 11. exf6 Rxf6 12. Qh5 g6 13. Qg5 Rf7
14. Nf3 c4 15. Be2 Qc7 16. h4 e5 17. h5 Bf5 18. Kd1 Re8 {1-0 Fogarasi,T-Holzke,
F/Budapest 1992 (36)}) (9. Qh3 Ng6 10. Nf3 c4 11. Be2 f6 12. Qg3 fxe5 13. Nxe5
Ngxe5 14. dxe5 Qc7 15. f4 Qb6 16. h4 Bd7 17. h5 Ne7 18. a4 Nf5 19. Qh3 d4 20.
a5 Qc5 21. Bf3 Bc6 22. Bxc6 bxc6 23. O-O d3+ {Reuss,A-Buhmann,R/GER-ch B18
Oberhof 1999/0-1 (39)}) ({White must play} 9. Qh5 $5 Ng6 10. Nf3 $36 {if he
wants pretend for advantage.}) 9... Ng6 10. Qxd8 Rxd8 {It is difficult to
believe, that White can organize serious preasure on the king's side after
queen exchange.} 11. Be3 $146 (11. Nf3 b6 12. h4 h6 13. g4 Bb7 14. Rh3 Rac8 15.
Be3 Na5 16. h5 Nf8 17. g5 hxg5 18. Bxg5 Rd7 19. h6 $36 {1/2-1/2 Zunker,
R-Mohrenstecher,J/Langenwang op 1994 (30)}) 11... Bd7 12. h4 Nge7 {[%cal Ge7f5]
} 13. g4 cxd4 14. cxd4 Na5 $1 {[%cal Gd7a4,Ga5c4]} 15. h5 (15. Bg5 $5 Re8 16.
h5 {is little bit more accurate, but doesn't change estimation of position as
equal.}) 15... Ba4 16. Bg5 Rd7 17. h6 g6 18. Nf3 a6 $5 {[%cal Ga4b5] Preparing
typical for Frence defence light-coloured bishops exchange.} 19. Bxe7 Rxe7 20.
g5 {[%cal Gf3h2,Gh2g4,Gg4f6] Dreaming to bring knight one day to f6} Rc7 $36 {
[%csl Rc2][%cal Ga8c8]} 21. Kd2 Rac8 22. Rhc1 Bb5 $1 23. Bxb5 axb5 {[%csl Ra3,
Rc2]} 24. Kd1 Rc3 25. Ng1 {All white pieces went back to the first rank and
black's advantage is obvious.} Nc4 26. Ne2 Rf3 ({Also possible} 26... Rh3 $5
27. Ng3 Rh4 28. c3 Rg4 29. Ke2 Rxg5 30. a4 $5 bxa4 31. Rxa4 Rg4 32. Rca1 Rh4 {
with better chances}) 27. Ke1 Rxa3 28. c3 (28. Rxa3 Nxa3 29. Kd1 b4 $1) 28...
Ra4 $1 29. Rab1 {[%csl Rb5]} Na3 30. Rb2 Kf8 31. Kd1 Rca8 32. Nf4 R8a5 33. Nd3
Nc4 34. Rbc2 b6 $17 {It is difficult to understand why Black agreed draw in
much better position.} 1/2-1/2

[Event "Katrineholm"]
[Site "Katrineholm"]
[Date "1999.05.20"]
[Round "9"]
[White "Lutz, Christopher"]
[Black "Lyrberg, Patrik"]
[Result "1-0"]
[WhiteElo "2610"]
[BlackElo "2409"]
[Annotator "Psakhis,L"]
[PlyCount "81"]
[EventDate "1999.05.??"]
[EventType "tourn"]
[EventRounds "9"]
[EventCountry "SWE"]
[EventCategory "12"]
[SourceTitle "CBM 071"]
[Source "ChessBase"]
[SourceDate "1999.08.01"]
[SourceVersion "1"]
[SourceVersionDate "1999.08.01"]
[SourceQuality "1"]

1. e4 e6 2. d4 d5 3. Nc3 Bb4 4. e5 c5 5. a3 Ba5 6. b4 cxd4 7. Qg4 Ne7 8. bxa5
dxc3 9. Qxg7 Rg8 10. Qxh7 Nbc6 11. Nf3 Qc7 12. Bf4 Bd7 13. Bd3 (13. a6 b6 (
13... O-O-O $5) 14. Bg3 O-O-O 15. Bd3 Ng6 16. Bxg6 fxg6 17. Rd1 Rde8 18. O-O g5
19. Qd3 g4 20. Nh4 Ne7 $44 {1/2-1/2 Psakhis,L-Eingorn,V/USSR (ch) 1987}) 13...
O-O-O 14. Bg3 {In this compleatly unclear position black used few
continuations .Lyrberg choose rare and interesting move} Rh8 $5 {but is is not
easy to prove advantage of white and after mainstream} (14... Qxa5 $5 15. O-O
Qc5 (15... Qa4 16. Rfe1 Ng6 17. Qh6 Rh8 18. Qe3 d4 19. Qe2 Nce7 20. Rab1 Bc6
21. Rb4 Qxa3 22. Rxd4 Bd5 $14 {1/2-1/2 De Firmian,N-Lputian,S/Yerevan (ol)
1996/Inf 67 (50)}) 16. Qh4 a6 17. Ng5 Be8 18. Qf4 Nd4 19. Rfe1 Nef5 20. a4 Rg7
$13 {0-1 Polgar,J-Vaganian,R/Groningen PCA 1993 (40)}) (14... Rxg3 $6 15. hxg3
Nxe5 16. Nxe5 Qxe5+ 17. Kf1 Be8 18. a6 b6 19. a4 Qc7 20. Qg7 e5 21. Rh8 $16 {
1-0 McDonald-Karlsson,L/Gausdal Arnold-Cup 1990 (43)}) 15. Qxf7 {N/} (15. Qg7
Qxa5 16. O-O d4 17. Rfe1 Rdg8 18. Qxf7 Rf8 19. Qg7 Rfg8 20. Qf7 Rf8 21. Qg7
Rfg8 {1/2-1/2 De Firmian,N-Lyrberg,P/DEN t-ch 1999 (21)}) 15... Rdf8 {for
sacrificed pawn black opened all lines on the king,s side and their bishop can
quickly come to the game.} 16. Qg7 Rhg8 17. Qh6 Qxa5 18. O-O Rxf3 $5 {[%mdl
544] Another sacrifice! Lyrberg plays in great style. Whites material
advantage is big, but almost all pieces are badly situated and it looks that
black has reasonable compensation.} 19. gxf3 Nd4 20. Kh1 Nef5 {[%csl Gd4,Gf5]}
21. Qf4 (21. Qh7 $5 Qd8) 21... Qc5 22. Rg1 Rf8 23. Qg4 Bc6 (23... Bb5 $5) 24.
Rg2 Bb5 $1 {White will have troubles with protection important c pawn after
bishop exchange.} 25. Bxb5 Qxb5 26. Bf4 Kb8 27. Bg5 Rc8 {Not a bad move, but
why not to take pawn immediately-} (27... Nxc2 $142 $1 28. Rc1 Qe2 29. f4 Ncd4
$1 {leads to black advantage}) 28. Rc1 Qe2 29. Be7 $5 Qxe5 (29... Nxc2 30. Bd6+
Nxd6 (30... Ka8 31. Qg8 $18) 31. exd6 Qd2 32. d7 $1 Qxc1+ (32... Rd8 33. Qg3+
Ka8 34. Rb1 $18) 33. Rg1 $18) ({Deserves attention coldblooded} 29... a6 $1 {
with unclear game, for example} 30. Bd6+ Ka8 31. f4 (31. Qh5 Nxf3 32. Qh7 $140
Qe4 $1) 31... Nf3 {[%cal Gd5d2]} 32. Qg6 Ne1 $132) 30. Bg5 Qe2 (30... Qd6 31.
Be3 Qxa3 32. Qf4+ Ka8 33. Rcg1 $16) 31. Be3 (31. Bf6 $5 Qd2 (31... Nxf3 32.
Qf4+ Ka8 33. Qc7 $1 Rb8 34. Rb1 $5 {[%cal Rc7b7]} Nh6 35. Qxc3 $16) (31... e5
32. f4 e4 33. Be5+ Ka8 34. Qxe2 Nxe2 35. Re1 Ned4 36. Reg1 $16) 32. Be5+ Ka8
33. Bf4 Qe2 34. Qg8 Ne7 $1 $13) 31... e5 $1 (31... Nxf3 32. Bf4+ (32. Qf4+ Ka8
33. Qc7 $1 Qc4 $8 (33... Rb8 34. Rb1 Qa6 35. Bf4 Rf8 36. Qxc3 $18) 34. Qxc4
dxc4 35. Rd1) 32... Ka8 33. Qg8 Ne7 34. Qg7 Qe4 35. Qxe7 Qxf4 36. Rb1 Rb8 37.
Qxe6 $16) 32. Bxd4 Nxd4 33. Qd7 (33. f4 $5 Qxg4 34. Rxg4 e4 $13 (34... exf4 35.
h4)) 33... Qxf3 (33... Qc4 34. Rg7 $18) 34. Qd6+ $2 (34. Rb1 $8 b6 35. Qd6+ Kb7
36. Qxe5 Nxc2 $17) 34... Ka8 35. Qxe5 Nxc2 $4 {[%mdl 8192] I think that last
moves opponents made in huge time troubles, other case Lyrberg will play surely
} (35... Ne2 $1 {with force victory-} 36. Qe3 $8 (36. Qe6 Qxg2+ $1) 36... Qxe3
37. fxe3 Nxc1 38. Rg1 Ne2 (38... Na2 39. Ra1) 39. Re1 d4 $1 40. Rxe2 d3 41. Re1
d2 42. Rd1 Rg8 $19) 36. Qg3 $1 $18 {Now game is over.} Qf5 37. Qg4 Qxg4 38.
Rxg4 Nxa3 39. Rxc3 Nc4 40. Rd4 Rc5 41. h4 1-0

[Event "Sigeman & Co 07th"]
[Site "Malmo"]
[Date "1999.06.14"]
[Round "6"]
[White "Hall, Jesper"]
[Black "Karlsson, Lars"]
[Result "1/2-1/2"]
[WhiteElo "2486"]
[BlackElo "2470"]
[Annotator "Psakhis,L"]
[PlyCount "101"]
[EventDate "1999.06.??"]
[EventType "tourn"]
[EventRounds "9"]
[EventCountry "SWE"]
[EventCategory "14"]
[SourceTitle "CBM 072"]
[Source "ChessBase"]
[SourceDate "1999.10.01"]
[SourceVersion "1"]
[SourceVersionDate "1999.10.01"]
[SourceQuality "1"]

1. e4 e6 2. d4 d5 3. Nc3 Bb4 4. e5 Ne7 5. a3 Bxc3+ 6. bxc3 c5 7. h4 {Maybe
sharpest continuation in this position.} Nbc6 8. h5 Qa5 9. Bd2 Bd7 10. h6 (10.
Rb1 O-O-O 11. Nf3 Qxa3 12. Ra1 Qb2 13. dxc5 f6 14. Rh4 d4 15. Nxd4 Nxe5 16.
Rxa7 Nd5 17. Rh3 $14 {1-0 Wang Zili-Shulman,Y/Yerevan olm 1996 (49)}) 10...
gxh6 {Pawn structure on the king side looks terrible, but black can hope for
counterplay and on the queen side and on the open g line.} 11. Nf3 (11. Rxh6 $6
O-O-O 12. Nf3 Rdg8 13. Nh2 Qc7 14. Be3 Nf5 15. Rh3 h5 16. Qd2 h4 17. Nf3 Rg4
$36 {0-1 Haro,M-Robledo,N/Itapiruba masters 1997 (23)}) 11... O-O-O 12. Bd3 (
12. a4 Rdg8 13. g3 Rg4 14. Bd3 Qc7 15. Nh2 Rgg8 16. Nf3 Rg4 $13 {0-1 Mainka,
R-Uhlmann,W/Baden Baden-B 1992 (29)}) 12... Rhg8 $146 {Improvment compare to} (
12... c4 13. Be2 Ng8 14. Kf1 f6 15. Qe1 fxe5 16. dxe5 Rf8 17. g3 Be8 18. Nd4
Nd8 19. Bg4 $16 {and White got an advantage in the Tiscbierek,R-Uhlmann,W
baden-Baden-B 1992} (19. Bg4 Bd7 20. Kg2 Nc6 21. Bxe6 Bxe6 22. Nxe6 Re8 23. Nd4
Qa4 24. Bf4 Nge7 25. Qd2 Ng6 26. Nf5 Kb8 27. Rab1 Ncxe5 28. Bxe5+ Rxe5 29. Nd6
Qc6 30. Rxb7+ Ka8 31. Qd4 Qa6 32. Rhb1 Rf8 33. Rd7 Rb8 34. Rxb8+ Kxb8 35. Qc5 {
1-0 Tischbierek,R-Uhlmann,W/Baden Baden-B 1992 (35)})) 13. Kf1 Nf5 14. Bxf5
exf5 15. Rxh6 Rg4 $132 {[%csl Ra3,Rc2,Rc3,Rf7,Rh7][%cal Gd8g8]} 16. Nh2 Qb5+
17. Kg1 Re4 ({Also possible modest} 17... Rg7 $5) 18. Rb1 Qc4 19. Bg5 Rg8 20.
Qh5 {[%cal Gh5f7,Gh6h8]} Qa2 21. Rf1 Rg6 $6 {Mistake, stronger was to play} (
21... Be6 $5 22. Rxh7 Qxa3 {and after possible continuation} 23. Rh8 Rxh8 24.
Qxh8+ Kc7 25. Qf8 Qxc3 26. Qd6+ Kc8 {repetitions of the moves is best what
White can do .}) 22. Rxh7 Be6 23. Nf3 $1 {[%csl Rg6][%cal Gh7h8,Gf3h4] With
strong threat 24.Nh4} Rg4 24. Rh6 Rxh6 25. Qxh6 Qxc2 (25... Qxa3 $5) 26. Nh2
Rxg5 $5 {Exchange sacrifice is more or less force, because} (26... Re4 27. Qf8+
Kd7 28. Qxc5 $16 {leads to white favour}) 27. Qxg5 Qxc3 {[%cal Rc5c4]} 28. dxc5
Qxc5 29. Qc1 b6 $1 {Position is still very complicated in spite of white,s
small material advantage} 30. Nf3 Kb7 31. Qb2 Na5 32. a4 Nc4 33. Qc3 Bd7 34.
Ra1 a5 $6 (34... Na5 $5 {looks stronger}) 35. Ng5 (35. Nd2 $142 $1) 35... Be6
36. Rb1 $1 {[%cal Gb1b5]} d4 37. Qf3+ Qc6 38. Qf4 Qd5 $2 {Serious mistake} (
38... d3 $1 {was the only move}) 39. Nf3 $2 ({After} 39. Rb5 $1 Qd7 40. Nxe6
fxe6 41. Qf3+ {Hall could win immediately, for example} Qc6 (41... Ka7 42. Qd3
$18) 42. Qd3 Nb2 43. Qxd4 Qc1+ 44. Kh2 Qh6+ 45. Kg3 Qg6+ 46. Kf3 $18) 39... d3
40. Rd1 Qe4 {It is easy to see, that Black improved position in last few moves
and now it is time for White to think abou equalization.} (40... Bd7 $5) 41.
Qc1 Bd5 42. Qc3 d2 43. Qd4 $8 Qxd4 44. Nxd4 Bc6 45. Nb5 $1 (45. Nxc6 $6 Kxc6
46. Kf1 b5 $1 47. axb5+ Kxb5 48. Rb1+ Kc5 49. Ke2 a4 50. Rb7 $8 (50. f4 a3 51.
Rb7 Kd4 52. Rxf7 Kc3 $19) 50... a3 51. Rxf7 Kb6 $1 52. Rf6+ Kb5 53. Rxf5 a2 54.
e6+ Kb4 $19) 45... Bxb5 (45... Ka6 46. Nc3) 46. axb5 a4 $1 47. Kf1 a3 48. Ke2
Nb2 $5 (48... Kc7 49. Rh1 {[%cal Gh1h8,Gh8a8]} (49. f4 $5 Nb2 $2 50. Rxd2 a2
51. Rc2+ $1 Kd7 52. Rc1 $18)) 49. Rxd2 a2 50. Rd7+ Kb8 51. Rd8+ {Nice result
of interesting and complicated game.} 1/2-1/2